Voices of courage (Record no. 124818)
[ view plain ]
| 000 -LEADER | |
|---|---|
| fixed length control field | 00681nam a22001697a 4500 |
| 008 - FIXED-LENGTH DATA ELEMENTS--GENERAL INFORMATION | |
| fixed length control field | 160803b xxu||||| |||| 00| 0 eng d |
| 020 ## - INTERNATIONAL STANDARD BOOK NUMBER | |
| International Standard Book Number | 9966-08-955-1 |
| 050 ## - LIBRARY OF CONGRESS CALL NUMBER | |
| Classification number | BX2410.W35 2015 |
| 100 ## - MAIN ENTRY--PERSONAL NAME | |
| Personal name | Wakahiu Jane ,Gichure Peter I. and Njageh, Ann Rita K. |
| 9 (RLIN) | 24506 |
| 245 ## - TITLE STATEMENT | |
| Title | Voices of courage |
| Remainder of title | : historical, socio-cultural and educational journeys of women religious in East and Central Africa |
| Statement of responsibility, etc | /Jane Wakahiu, Peter I. Gichure and Ann Rita K.Njageh |
| 260 ## - PUBLICATION, DISTRIBUTION, ETC. (IMPRINT) | |
| Place of publication, distribution, etc | Nairobi |
| Name of publisher, distributor, etc | Paulines |
| Date of publication, distribution, etc | 2015 |
| 300 ## - PHYSICAL DESCRIPTION | |
| Extent | 464p.; |
| Dimensions | 21cm. |
| 650 ## - SUBJECT ADDED ENTRY--TOPICAL TERM | |
| Topical term or geographic name as entry element | Nuns |
| Geographic subdivision | Africa, East |
| 9 (RLIN) | 24507 |
| 650 ## - SUBJECT ADDED ENTRY--TOPICAL TERM | |
| Topical term or geographic name as entry element | Nuns |
| Geographic subdivision | Africa, Central |
| 9 (RLIN) | 24508 |
| 650 ## - SUBJECT ADDED ENTRY--TOPICAL TERM | |
| Topical term or geographic name as entry element | Women |
| General subdivision | Religious life |
| Geographic subdivision | Africa |
| 9 (RLIN) | 24509 |
| 942 ## - ADDED ENTRY ELEMENTS (KOHA) | |
| Source of classification or shelving scheme | Library of Congress Classification |
| Item type | Monograph ( Printed materials) |
| Withdrawn status | Lost status | Source of classification or shelving scheme | Damaged status | Not for loan | Collection code | Home library | Current library | Shelving location | Date acquired | Total Checkouts | Full call number | Barcode | Date last seen | Price effective from | Koha item type |
|---|---|---|---|---|---|---|---|---|---|---|---|---|---|---|---|
| Library of Congress Classification | Main Collection | ARRUPE LIBRARY | ARRUPE LIBRARY | Main Collection | 03/08/2016 | BX2410.W35 2015 | 46500009309 | 22/11/2017 | 03/08/2016 | Monograph ( Printed materials) |